01113nam a2200253 i 450000100060000000300090000600500170001500700030003200800410003510000450007624501600012126000490028130000250033049000510035570000380040670000260044470000320047083000590050285200210056185200210058299900170060395201190062095201200073988033ES-MaACL20251015063108.0t|041230s1932 fr ||||1| fre d1 aLa Fontaine, Jean de, d1621-169596914710aFables, contes et nouvelles / cJean de La Fontaine ; texte établi et annoté par Edmond Pilon, Renè Groos (fables) et par Jacques Schiffrin (contes). aParis : bLa Pleiade, c1932 (eCoulommiers) aX, 751 p. ; c18 cm.1 aBibliothèque reliée de la Pléiade ; v101 aPilon, Edmond, d1874-19459920421 aGroos, René.9601371 aSchiffrin, Jacques.91043490 aBibliothèque reliée de la Pléiade ; v109231814 aES-MaACLjA-2903 aES-MaACLjB-8427 c88033d88033 00104070aATENEOMbATENEOMcSPBd2015-05-11eSCl0oB-8427p1193778r2023-02-23 00:00:00w2023-02-23yMONOGRAFIA 00104070aATENEOMbATENEOMcSPP1d2008-01-17eSCl0oA-2903p1091958r2023-02-23 00:00:00w2023-02-23yMONOGRAFIA